[Event "Turkey IS Bank Super League 2017"]
[Site "Darica-Kocaeli"]
[Date "2017.07.28"]
[Round "3"]
[White "Aluc, Bulut Evrim"]
[Black "Gundogan, Sinem Cagla"]
[Result "0-1"]
[WhiteElo "1699"]
[BlackElo "2000"]
[Annotator "NA"]
[PlyCount "76"]
[EventType "team-tourn"]
[EventCountry "TUR"]
[SourceTitle "playchess.com"]
[Source "ChessBase"]
[SourceQuality "1"]
[TimeControl "40/5400+30:1800+30"]

1. d4 {[%emt 0:00:30]} Nf6 {[%emt 0:01:00]} 2. c4 {[%emt 0:00:30]} g6 {[%emt 0:00:30]} 3. Nc3 {[%emt 0:00:30]} Bg7 {[%emt 0:00:30]} 4. e4 {[%emt 0:00:30]} d6 {[%emt 0:00:30]} 5. f4 {[%emt 0:00:30]} O-O {[%emt 0:00:00]} 6. Nf3 {[%emt 0:03:30]} Na6 {[%emt 0:00:00]} 7. Bd3 {[%emt 0:06:30]} e5 {[%emt 0:02:30]} 8. fxe5 {[%emt 0:00:30]} dxe5 {[%emt 0:00:30]} 9. d5 {[%emt 0:00:00]} Nc5 {[%emt 0:00:30]} 10. Be3 {[%emt 0:06:00]} Nxd3+ {[%emt 0:05:30]} 11. Qxd3 {[%emt 0:00:30]} Ng4 {[%emt 0:00:30]} 12. Bc5 {[%emt 0:09:30]} Re8 {[%emt 0:00:30]} 13. h3 {[%emt 0:00:00]} Nh6 {[%emt 0:06:30]} 14. g4 {[%emt 0:08:00]} f5 {[%emt 0:02:30]} 15. gxf5 {[%emt 0:03:30]} Nxf5 {[%emt 0:00:30]} 16. O-O-O {[%emt 0:02:30]} Nd6 {[%emt 0:02:30]} 17. Be3 {[%emt 0:04:30]} b6 {[%emt 0:06:30]} 18. Rdf1 {[%emt 0:15:30]} a5 {[%emt 0:07:30]} 19. a4 {[%emt 0:13:30]} Nb7 {[%emt 0:11:30]} 20. Qd2 {[%emt 0:01:30]} Nc5 {[%emt 0:00:30]} 21. Kc2 {[%emt 0:01:30] [%clk 0:19.43]} Ba6 {[%emt 0:04:30]} 22. b3 {[%emt 0:01:47]} Qd6 {[%emt 0:00:30]} 23. Ng5 {[%emt 0:05:56]} Re7 {[%emt 0:06:30]} 24. Rh2 {[%emt 0:02:43]} Nxb3 {[%emt 0:14:30]} 25. Kxb3 {[%emt 0:01:48]} Qb4+ {[%emt 0:00:00]} 26. Kc2 {[%emt 0:00:24]} Bxc4 {[%emt 0:00:00]} 27. Rb1 {[%emt 0:00:08]} Qa3 {[%emt 0:01:30]} 28. Qc1 {[%emt 0:02:34]} Qd6 {[%emt 0:00:30]} 29. Nb5 {[%emt 0:01:17]} Qd7 {[%emt 0:02:30]} 30. Kd2 {[%emt 0:01:14]} Bxd5 {[%emt 0:01:30]} 31. exd5 {[%emt 0:00:43]} Qxd5+ {[%emt 0:00:00]} 32. Ke1 {[%emt 0:01:46]} e4 {[%emt 0:04:32]} 33. Nxc7 {[%emt 0:04:39]} Qd3 {[%emt 0:02:51]} 34. Nb5 {[%emt 0:01:39]} Be5 {[%emt 0:03:15]} 35. Re2 {[%emt 0:00:45]} Rf8 {[%emt 0:03:52]} 36. Bf2 {[%emt 0:00:29]} e3 {[%emt 0:01:20]} 37. Rxe3 {[%emt 0:00:35]} Bg3 {[%emt 0:00:40]} 38. Qd1 {[%emt 0:00:27]} Rxe3+ {[%emt 0:00:13]} 0-1

[Event "Turkey IS Bank Super League 2017"]
[Site "Darica-Kocaeli"]
[Date "2017.07.28"]
[Round "3"]
[White "Sade, Defne"]
[Black "Duran, Esma Doga"]
[Result "1-0"]
[WhiteElo "1654"]
[BlackElo "1939"]
[Annotator "NA"]
[PlyCount "141"]
[EventType "team-tourn"]
[EventCountry "TUR"]
[SourceTitle "playchess.com"]
[Source "ChessBase"]
[SourceQuality "1"]
[TimeControl "40/5400+30:1800+30"]

1. e4 {[%emt 0:00:30]} e6 {[%emt 0:01:00]} 2. d4 {[%emt 0:00:30]} d5 {[%emt 0:00:30]} 3. Nd2 {[%emt 0:00:30]} Nf6 {[%emt 0:00:30]} 4. e5 {[%emt 0:00:30]} Nfd7 {[%emt 0:00:30]} 5. Bd3 {[%emt 0:00:30]} c5 {[%emt 0:00:30]} 6. c3 {[%emt 0:00:30]} Nc6 {[%emt 0:00:30]} 7. Ne2 {[%emt 0:00:30]} cxd4 {[%emt 0:00:30]} 8. cxd4 {[%emt 0:00:30]} f6 {[%emt 0:00:30]} 9. exf6 {[%emt 0:00:30]} Nxf6 {[%emt 0:00:30]} 10. Nf3 {[%emt 0:00:00]} Bd6 {[%emt 0:00:00]} 11. O-O {[%emt 0:00:00]} Qc7 {[%emt 0:01:00]} 12. Nc3 {[%emt 0:00:00]} a6 {[%emt 0:02:30]} 13. Bd2 {[%emt 0:00:00]} O-O {[%emt 0:00:30]} 14. Rc1 {[%emt 0:00:00]} g6 {[%emt 0:05:30]} 15. Re1 {[%emt 0:12:00]} Nh5 {[%emt 0:04:30]} 16. Bh6 {[%emt 0:08:30]} Rf7 {[%emt 0:16:30]} 17. Na4 {[%emt 0:05:30]} Nf4 {[%emt 0:27:30]} 18. Ne5 {[%emt 0:15:30]} Bxe5 {[%emt 0:03:30]} 19. dxe5 {[%emt 0:00:00]} b6 {[%emt 0:12:30]} 20. Bb1 {[%emt 0:08:00] [%clk 0:44]} Bd7 {[%emt 0:02:04]} 21. Qd2 {[%emt 0:05:30]} Nh5 {[%emt 0:02:10]} 22. Qe3 {[%emt 0:10:30]} Rb8 {[%emt 0:02:32]} 23. Qa3 {[%emt 0:08:30]} Qd8 {[%emt 0:04:34]} 24. g3 {[%emt 0:04:53]} Nd4 {[%emt 0:01:26]} 25. Re3 {[%emt 0:02:42]} Bb5 {[%emt 0:02:22]} 26. Nc3 {[%emt 0:01:56]} Qc7 {[%emt 0:02:43]} 27. Ne2 {[%emt 0:03:16]} Nxe2+ {[%emt 0:00:54]} 28. Rxe2 {[%emt 0:00:01]} Qb7 {[%emt 0:02:58]} 29. Rec2 {[%emt 0:02:24]} Bc4 {[%emt 0:02:04]} 30. Qd6 {[%emt 0:01:49]} Re8 {[%emt 0:01:15]} 31. b3 {[%emt 0:02:20]} Rd7 {[%emt 0:00:23]} 32. Qb4 {[%emt 0:01:05]} Bd3 {[%emt 0:00:15]} 33. Rc6 {[%emt 0:02:27]} Bxb1 {[%emt 0:00:59]} 34. Rxb6 {[%emt 0:00:51]} Qa7 {[%emt 0:00:43]} 35. Rxb1 {[%emt 0:00:43]} Ng7 {[%emt 0:00:59]} 36. Bxg7 {[%emt 0:00:30]} Kxg7 {[%emt 0:00:30]} 37. Rc1 {[%emt 0:00:07]} d4 {[%emt 0:00:08]} 38. Rd6 {[%emt 0:03:14]} a5 {[%emt 0:00:44]} 39. Rxd7+ {[%emt 0:01:17]} Qxd7 {[%emt 0:00:30]} 40. Qxa5 {[%emt 0:00:30]} Rc8 {[%emt 0:30:30]} 41. Rxc8 {[%emt 0:30:30]} Qxc8 {[%emt 0:00:00]} 42. Qa7+ {[%emt 0:00:00]} Kh6 {[%emt 0:00:00]} 43. Qxd4 {[%emt 0:00:00]} Qc1+ {[%emt 0:00:00]} 44. Kg2 {[%emt 0:00:00]} Qc6+ {[%emt 0:00:00]} 45. Kh3 {[%emt 0:00:00]} g5 {[%emt 0:00:00]} 46. Qd6 {[%emt 0:00:00]} Qe8 {[%emt 0:00:00]} 47. Qd4 {[%emt 0:00:00]} Qb5 {[%emt 0:00:00]} 48. Kg2 {[%emt 0:00:00]} Qc6+ {[%emt 0:00:00]} 49. f3 {[%emt 0:00:00]} Qc2+ {[%emt 0:00:00]} 50. Qf2 {[%emt 0:00:00]} Qc3 {[%emt 0:00:00]} 51. Qe2 {[%emt 0:00:00]} Kg6 {[%emt 0:00:00]} 52. b4 {[%emt 0:00:00]} Kg7 {[%emt 0:00:00]} 53. b5 {[%emt 0:00:00]} Qd4 {[%emt 0:00:00]} 54. a4 {[%emt 0:01:30]} Qxa4 {[%emt 0:00:00]} 55. Qb2 {[%emt 0:00:09]} g4 {[%emt 0:00:00]} 56. fxg4 {[%emt 0:02:44]} Qxg4 {[%emt 0:00:00]} 57. h4 {[%emt 0:00:35]} Qe4+ {[%emt 0:00:00]} 58. Kh2 {[%emt 0:00:00]} Qb7 {[%emt 0:00:00]} 59. b6 {[%emt 0:00:00]} h5 {[%emt 0:00:00]} 60. Qf2 {[%emt 0:00:00]} Qc6 {[%emt 0:00:00]} 61. Qb2 {[%emt 0:03:29]} Qb7 {[%emt 0:00:00]} 62. Kg1 {[%emt 0:00:58]} Kh7 {[%emt 0:02:14]} 63. Qc2+ {[%emt 0:01:32]} Kh6 {[%emt 0:00:27]} 64. Qc1+ {[%emt 0:00:00]} Kg6 {[%emt 0:00:27]} 65. Qg5+ {[%emt 0:00:12]} Kh7 {[%emt 0:01:14]} 66. Qxh5+ {[%emt 0:00:30]} Kg7 {[%emt 0:00:00]} 67. Qg4+ {[%emt 0:01:11]} Kf7 {[%emt 0:00:00]} 68. Qf4+ {[%emt 0:00:15]} Kg8 {[%emt 0:00:24]} 69. Qb4 {[%emt 0:00:28]} Qf3 {[%emt 0:06:59]} 70. Qb2 {[%emt 0:00:09]} Qe3+ {[%emt 0:00:48]} 71. Kh2 {[%emt 0:00:07]} 1-0